[Event "Attica Cup Final"]
[Site "Athens"]
[Date "2009.05.10"]
[Round "2.2"]
[White "Kaloskambis, Mihail"]
[Black "Tzermiadianos, Andreas"]
[Result "0-1"]
[WhiteElo "2077"]
[BlackElo "2451"]
[PlyCount "92"]
[EventDate "2009.05.09"]
[EventType "match"]
[EventRounds "2"]
[EventCountry "GRE"]
[SourceTitle "EXT 2011"]
[Source "ChessBase"]
[SourceDate "2010.11.26"]
[SourceVersion "1"]
[SourceVersionDate "2010.11.26"]
[SourceQuality "1"]

1. d4 Nf6 2. c4 g6 3. Nc3 Bg7 4. e4 d6 5. f3 0-0 6. Bg5 c5 7. d5 e6 8. Qd2 exd5 9. Nxd5 Be6 10. Bd3 Nc6 11. Ne2 Bxd5 12. exd5 Ne5 13. 0-0 Re8 14. Nc3 h6 15. Bh4 Ne4 16. Bxe4 Qxh4 17. b3 f5 18. Bc2 Nxc4 19. bxc4 Qxc4 20. Rab1 Qxc3 21. Qxc3 Bxc3 22. Rxb7 c4 23. Ba4 Bd4+ 24. Kh1 Reb8 25. Rfb1 Rxb7 26. Rxb7 c3 27. g3 Rc8 28. Bc2 Re8 29. Rb1 Re2 30. Rc1 Rf2 31. Bb3 Rxf3 32. Rc2 Rf1+ 33. Kg2 Re1 34. Bc4 Kf7 35. Kf3 g5 36. h3 Kf6 37. Bb3 Re3+ 38. Kg2 Be5 39. g4 Rg3+ 40. Kf2 Rxh3 41. gxf5 Kxf5 42. Kg1 g4 43. Re2 Rg3+ 44. Kf2 Kf4 45. Kf1 h5 46. Bc2 Re3 0-1

[Event "Nikaia op 15th"]
[Site "Nikaia"]
[Date "2007.08.30"]
[Round "9"]
[White "Tassopoulos, Marios"]
[Black "Kaloskambis, Mihail"]
[Result "1-0"]
[WhiteElo "2215"]
[BlackElo "2103"]
[PlyCount "67"]
[EventDate "2007.08.23"]
[EventType "swiss"]
[EventRounds "9"]
[EventCountry "GRE"]
[SourceTitle "CBM 120 Extra"]
[Source "ChessBase"]
[SourceDate "2007.11.01"]
[SourceVersion "1"]
[SourceVersionDate "2007.11.01"]
[SourceQuality "1"]

1. e4 c5 2. Nf3 Nf6 3. e5 Nd5 4. c3 g6 5. d4 cxd4 6. cxd4 Bg7 7. Bc4 Nb6 8. Bb3 Nc6 9. Bf4 0-0 10. 0-0 d5 11. exd6 exd6 12. h3 Na5 13. Nc3 Nxb3 14. Qxb3 Qf6 15. Bg5 Qf5 16. Qb5 d5 17. Qe2 f6 18. Bh4 Bd7 19. b3 Rae8 20. Qd2 Qh5 21. Rae1 Bxh3 22. Rxe8 Rxe8 23. Re1 Rf8 24. Re7 Bg4 25. Bg3 Bxf3 26. gxf3 Qxf3 27. Qe1 h5 28. Rxb7 Kh7 29. Rxa7 Qg4 30. Qe7 Rg8 31. Qxf6 Nc8 32. Rc7 Kh8 33. Nxd5 Bxf6 34. Nxf6 1-0

[Event "Heraklio op-A 11th"]
[Site "Heraklion"]
[Date "2007.06.12"]
[Round "4"]
[White "Kaloskambis, Mihail"]
[Black "Daifas, Ioannis"]
[Result "0-1"]
[WhiteElo "2085"]
[BlackElo "1947"]
[PlyCount "72"]
[EventDate "2007.06.09"]
[EventType "swiss"]
[EventRounds "9"]
[EventCountry "GRE"]
[SourceTitle "EXT 2008"]
[Source "ChessBase"]
[SourceDate "2007.11.25"]
[SourceVersion "1"]
[SourceVersionDate "2007.11.25"]
[SourceQuality "1"]

1. d4 e6 2. Nf3 f5 3. Nc3 Nf6 4. Bg5 d5 5. e3 Be7 6. Bd3 0-0 7. Ne2 h6 8. Bxf6 Bxf6 9. Nf4 Qe8 10. h4 Nd7 11. c3 c6 12. h5 e5 13. dxe5 Nxe5 14. Nxe5 Bxe5 15. Ng6 Rf7 16. Qe2 Bc7 17. 0-0-0 Be6 18. Kb1 Rf6 19. g3 Bf7 20. Nf4 b5 21. Rdg1 Qe7 22. Qc2 Qd7 23. Rh4 Bd6 24. Ne2 c5 25. Nf4 d4 26. exd4 cxd4 27. cxd4 Rc8 28. Qd2 Be7 29. d5 Bxd5 30. Qa5 Be4 31. Bxe4 fxe4 32. Rhh1 Rd6 33. Rc1 Rxc1+ 34. Rxc1 Bf6 35. Qc7 Rd2 36. Rc2 Rd1+ 0-1

[Event "Athens Acropolis op"]
[Site "Athens"]
[Date "2005.03.12"]
[Round "7"]
[White "Kaloskambis, Mihail"]
[Black "Sideris, Theodoros"]
[Result "0-1"]
[WhiteElo "2163"]
[BlackElo "2115"]
[PlyCount "92"]
[EventDate "2005.03.06"]
[EventType "swiss"]
[EventRounds "9"]
[EventCountry "GRE"]
[SourceTitle "CBM 105 Extra"]
[Source "ChessBase"]
[SourceDate "2005.05.01"]
[SourceVersion "1"]
[SourceVersionDate "2005.05.01"]
[SourceQuality "1"]

1. d4 Nf6 2. c4 g6 3. Nc3 Bg7 4. e4 d6 5. f3 0-0 6. Bg5 h6 7. Be3 Nbd7 8. g4 c5 9. d5 Ne5 10. Be2 Qa5 11. h4 h5 12. g5 Ne8 13. Nh3 Nxc4 14. Bxc4 Bxc3+ 15. Bd2 Bxd2+ 16. Qxd2 Qxd2+ 17. Kxd2 Bxh3 18. Rxh3 Nc7 19. a4 b6 20. f4 a6 21. f5 b5 22. Be2 bxa4 23. Rha3 Rfb8 24. R1a2 Rb6 25. Rxa4 Rab8 26. Kc1 Rb4 27. fxg6 fxg6 28. Bd3 Kg7 29. Kc2 R4b6 30. Kc1 Rf8 31. Bxa6 Nxa6 32. Rxa6 Rxa6 33. Rxa6 Rf4 34. e5 dxe5 35. Re6 Kf7 36. Rxe5 Rxh4 37. Kd2 Rb4 38. Kc3 h4 39. b3 h3 40. Re2 Rh4 41. Rh2 Ke8 42. Kd3 Kd7 43. Ke3 Rb4 44. Rb2 c4 45. Kd4 cxb3+ 46. Kc3 Rb8 0-1

[Event "Athens Acropolis op"]
[Site "Athens"]
[Date "2005.03.10"]
[Round "5"]
[White "Poteas, Ioannis"]
[Black "Kaloskambis, Mihail"]
[Result "1-0"]
[WhiteElo "2190"]
[BlackElo "2163"]
[PlyCount "130"]
[EventDate "2005.03.06"]
[EventType "swiss"]
[EventRounds "9"]
[EventCountry "GRE"]
[SourceTitle "CBM 105 Extra"]
[Source "ChessBase"]
[SourceDate "2005.05.01"]
[SourceVersion "1"]
[SourceVersionDate "2005.05.01"]
[SourceQuality "1"]

1. d4 f5 2. Nc3 Nf6 3. Bg5 d5 4. Bxf6 exf6 5. e3 Be6 6. Bd3 Nc6 7. Nge2 Qd7 8. Nf4 Bf7 9. h3 h5 10. h4 Bb4 11. Nfe2 Ne7 12. a3 Ba5 13. b4 Bb6 14. g3 Nc8 15. Nf4 c6 16. Na4 Nd6 17. Nc5 Qe7 18. Qe2 Ne4 19. Rg1 Nd6 20. c3 g6 21. Qc2 0-0 22. g4 hxg4 23. h5 g5 24. Ng6 Bxg6 25. hxg6 Bxc5 26. bxc5 Ne4 27. Bxe4 fxe4 28. c4 Kg7 29. cxd5 cxd5 30. Qb3 Rad8 31. Rb1 Rd7 32. Qa4 a6 33. Rb6 Rh8 34. Ke2 Rh2 35. Qd1 Kxg6 36. Rxg4 Qh7 37. Qg1 Qh5 38. Kd2 Kg7 39. Qg3 Rh3 40. Qg1 Rf3 41. Rg3 Kf7 42. Qg2 Rxg3 43. Qxg3 Qh4 44. Ke2 Qh5+ 45. Kd2 Qf3 46. Qxf3 exf3 47. a4 g4 48. Rb1 Kg6 49. Rh1 f5 50. Rb1 Rh7 51. Kd3 Rh2 52. Rxb7 Rxf2 53. c6 Ra2 54. c7 Ra3+ 55. Kc2 Rxa4 56. Rb6+ Kg5 57. Rc6 Kh4 58. c8Q Kg3 59. Qxf5 Ra2+ 60. Kb3 Rg2 61. Qf4+ Kf2 62. Rc2+ Ke1 63. Rxg2 fxg2 64. Qxg4 Kf2 65. Qf4+ Ke2 1-0